00507 2200193 4500001002100000005001500021035002000036245007100056100001900127300002600146260003600172082000800208084001400216020002200230600001000252990001700262990001700279990001700296INLIS00000000000149420260604070516 a0010-06260000051 aSayap-Sayap Patah Kisah Cinta Abadi Anak Manusia /cKahlil Gibran0 aGibran, Kahlil a108 hlm ;c13 X 19 cm aYogyakarta :bDIVA Press,c2021 a813 a813 GIB s a978-623-203-712-3 4aNovel a4861/PP/2026 a4862/PP/2026 a4863/PP/2026